000 01032nam a22002417a 4500
999 _c161177
_d161177
005 20190919113120.0
010 _a1819CHEN B-720587-607
020 _a9789384930677
_c400.00
035 _aB-720587-607
035 _aB-730082
037 _adpl
_bEducation Gallery
082 _aS
100 _aKhatri,Vikas S.
245 _aThe master of masters and other stories /
_cby Vikas S. Khatri
260 _aDelhi
_bEducation Gallery
_c2018
270 _a26/25, Block-26, Gali No.12, Vishwas Nagar, Shahdara
_bDelhi
_e110032
300 _a167p.:
_bill.
_c22cm(Hb)
490 _aScandinavian folk tales
500 _aAirport
942 _2ddc
_cCH
_mKHA
_hS